000 00639cam a22002293a 4500
001 31856
003 PGUSA
005 20140828083705.0
008 100401s2010||||xxu|||||s|||||000 | eng d
040 _aPGUSA
_beng
042 _adc
050 4 _aQK
100 1 _aMichael, Edmund,
_d1849-1920
245 1 0 _aFührer für Pilzfreunde
_h[electronic resource] /
_cEdmund Michael
260 _bProject Gutenberg,
_c2010
506 _aPublic domain in the USA.
516 _aElectronic text
653 _aMushrooms -- Identification
830 0 _aProject Gutenberg
_v31856
856 4 0 _uhttp://www.gutenberg.org/ebooks/31856
942 _cEB
999 _c261111
_d261111